Online
Catalog

Reglamento de evaluación para las bibliotecas de las instituciones de educación superior de la República Dominicana / (Record no. 40713)

MARC details
000 -CABECERA
campo de control de longitud fija 00887nam a2200217 a 4500
001 - NÚMERO DE CONTROL
campo de control 000041223
005 - FECHA Y HORA DE LA ÚLTIMA TRANSACCIÓN
campo de control 20250701121838.0
008 - DATOS DE LONGITUD FIJA--INFORMACIÓN GENERAL
campo de control de longitud fija 110408s2009 dr 000 0 spa d
040 ## - FUENTE DE LA CATALOGACIÓN
Centro catalogador/agencia de origen DO-SdBNP
Lengua de catalogación spa
Centro/agencia transcriptor BNPHU
082 ## - NÚMERO DE LA CLASIFICACIÓN DECIMAL DEWEY
Número de clasificación xxxx
Número de documento/Ítem R426r
110 1# - ENTRADA PRINCIPAL--NOMBRE DE ENTIDAD CORPORATIVA
Nombre de entidad corporativa o nombre de jurisdicción como elemento de entrada República Dominicana.
Unidad subordinada Secretaría de Estado de Educación Superior, Ciencia y Tecnología
9 (RLIN) 18778
245 10 - MENCIÓN DE TÍTULO
Título Reglamento de evaluación para las bibliotecas de las instituciones de educación superior de la República Dominicana /
Mención de responsabilidad, etc. presentación Ligia Amada Melo de Cardona.
250 ## - MENCIÓN DE EDICIÓN
Mención de edición 2a. ed.
260 ## - PUBLICACIÓN, DISTRIBUCIÓN, ETC.
Lugar de publicación, distribución, etc. Santo Domingo :
Nombre del editor, distribuidor, etc. Secretaria de Estado de Educación Superior, Ciencia y Tecnología,
Fecha de publicación, distribución, etc. 2009.
300 ## - DESCRIPCIÓN FÍSICA
Extensión 38 p. ;
Dimensiones 23 cm.
490 0# - MENCIÓN DE SERIE
Mención de serie [SEESCyT] ;
Designación de volumen o secuencia 10 ;
590 ## - NOTA LOCAL (RLIN)
Nota local Inventariado, 2019/ YL
504 ## - NOTA DE BIBLIOGRAFÍA, ETC.
Nota de bibliografía, etc. Bibliografía : p. 35-38
700 12 - PUNTO DE ACCESO ADICIONAL--NOMBRE DE PERSONA
Nombre de persona Melo de Cardona, Ligia Amada
9 (RLIN) 27174
830 #0 - PUNTO DE ACCESO ADICIONAL DE SERIE-TÍTULO UNIFORME
Título uniforme [SEESCyT]
Número de parte o sección de la obra 10
9 (RLIN) 67802
Holdings
Estado de retiro Estado de pérdida Restricciones de uso No para préstamo Código de colección Localización permanente Ubicación/localización actual Ubicación en estantería Fecha de adquisición Número de inventario Total de préstamos Signatura topográfica completa Código de barras Fecha visto por última vez Número de copia Precio válido a partir de Tipo de ítem Koha
        Dominicana de Servicio General General Depósito 23.06.2015 LF1   xxxx R426r 41223-30 25.06.2020 e.3 25.06.2020 Libro y Folleto Colección Dominicana de Servicio
        Dominicana de Servicio General General Depósito 08.03.2017 LF1   xxxx R426r 41223-40 25.06.2020 e.4 25.06.2020 Libro y Folleto Colección Dominicana de Servicio
        Dominicana de Servicio General General Depósito 19.07.2019 LF1   xxxx R426r 41223-50 25.06.2020 e.5 25.06.2020 Libro y Folleto Colección Dominicana de Servicio
      Excluido de préstamo Patrimonio Dominicano Patrimonio Dominicano Patrimonio Dominicano Depósito 26.09.2013 LF1   xxxx R426r 41223-10 25.06.2020   25.06.2020 Libro y Folleto Colección Patrimonio Dominicano
      Excluido de préstamo Patrimonio Dominicano Patrimonio Dominicano Patrimonio Dominicano Depósito 23.06.2015 LF1   xxxx R426r 41223-20 25.06.2020 e.2 25.06.2020 Libro y Folleto Colección Patrimonio Dominicano

Powered by Koha